Transactional analysis for trainers

Bibliographic Details
Main Author: Hay, Julie (Author)
Format: Book
Language:English
Published: London : McGraw Hill Book Co. 1992
Subjects:

MARC

LEADER 00000cam a2200000 7i4500
001 0000003901
005 20240930.0
008 991207 enk eng
020 |a 007707470X 
040 |a INS   |b eng   |e rda 
090 0 0 |a HF5549.5.T7   |b H362 1992 
100 1 |a Hay, Julie ,   |e author 
245 1 0 |a Transactional analysis for trainers   |c Julie Hay 
264 1 |a London :   |b McGraw Hill Book Co.   |c 1992 
300 |a xv, 219 pages :   |b illustrations ;   |c 25 cm. 
336 |a text  |2 rdacontent 
337 |a unmediated  |2 rdamedia 
338 |a volume  |2 rdacarrier 
504 |a Includes bibliographical references and index 
650 0 |a Employees,Training of   |x Psychological aspects 
650 0 |a Training 
650 0 |a Transactional analysis 
999 |a 0000005167   |b BOOK   |c Open Shelf   |e Default branch 
999 |a 0000006020   |b BOOK   |c Open Shelf   |e Default branch